000 00338nam a22001337a 4500
999 _c7776
_d7777
008 190404b ||||| |||| 00| 0 eng d
020 _a9781248440995
082 _a613 W67s 1912
100 _aWile, Ira Solomon
245 _aSex Education
260 _aNew York ;
_bDuffield and Company,
_c1912.
300 _a150 p.
_c24 cm.
942 _2ddc